| 000 | 00597nam a2200229 a 4500 | ||
|---|---|---|---|
| 999 |
_c10568 _d10568 |
||
| 001 | 10568 | ||
| 003 | BD - JhCC | ||
| 005 | 20180716191217.0 | ||
| 008 | 180716s1962 ii a b 000 0 eng | ||
| 035 | _a(BD - JhCC)10568 | ||
| 040 |
_aBD-JhCC _dBD-JhCC |
||
| 041 | _aeng | ||
| 082 |
_bKAP 1962 _a539.7 |
||
| 100 | _aKaplan, Irving | ||
| 245 | 1 | 0 |
_aNuclear physics / _cIrving Kaplan, |
| 260 |
_aNew Delhi : _bOxford & IBH, _c1962. |
||
| 300 |
_a770 p. : _billus. _c21 cm. |
||
| 504 | _aIncludes bibliographies and Index | ||
| 650 | 0 | _aNuclear physics. | |
| 942 |
_2ddc _cBK |
||